000 00986nam a2200325 a 4500
001 vtls001276132
003 NLI
005 20250820150918.0
008 120416s1953 ii b g 000 0 eng
040 _aNLI
_beng
_cDatasoft_G&E
_eAACR2
041 0 _aeng
044 _a ii
082 0 4 _223rd ed.
_a954.02
_bH 629
240 1 0 _aMirat-i Sikanciar.
_lEnglish
245 0 4 _aThe history of India as told by its own historians :
_bthe Muhammadan period /
_cby edited by John Dowson
260 _aCalcutta :
_bSusil Gupta,
_c1953
300 _a158 p. :
_bmap. ;
_c23 cm.
650 0 _aGujarat (India)
_xHistory
_9698515
650 0 _aMuslims
_zIndia
_9685125
650 0 _aFinance
_zIndia
_zGujarat
_9698516
651 0 _aIndia
_xHistory
700 1 _aDowson, John,
_d1820-1881,
_4edt
_9698517
887 _a Bahailu (Int)
887 _aPravinbp1
901 _aG39137
_b27.06.2006
902 _aE 954.02 H 629
904 _l39137
942 _2ddc
_cBKS
949 _6GIF000039137ENG
999 _c577367
_d577367